000 00664nam a2200229 a 4500
001 13603
003 BD-JhCC
005 20240303075843.0
008 171128s2019 bg |||| ||a| 000 0 ben d
020 _a9789849310594
035 _a(BD-JhCC)13603
040 _aBD-JhCC
_dBD-JhCC
041 _abengali
082 _a891.443
_bHAQ 2019
100 _a হক, আনিসুল
245 _aতোমার জন্য, ভালোবাসা /
_cআনিসুল হক ।
260 _aঢাকা :
_bকাকলী প্রকাশনী,
_c2019.
300 _a479 p. :
_c22 cm.
650 _aBengali Novel
942 _2ddc
_cBK
999 _c13603
_d13603